| 000 | 00367nam a22001457a 4500 | ||
|---|---|---|---|
| 020 | _qPB. | ||
| 040 | _cFIZZA ISHAQ | ||
| 082 |
_a005.133 _bPAU |
||
| 100 |
_aDEITEL,HARVEY DEITEL PAUL. _989514 |
||
| 245 |
_aC++ HOW TO PROGRAM / _cPAUL DEITEL HARVEY DEITEL. |
||
| 250 | _a8th ED. | ||
| 260 |
_aNEW YORK ; _bPEARSON, _c2016. |
||
| 300 | _a1065 P. ; | ||
| 942 |
_2ddc _cBK |
||
| 999 |
_c588227 _d588227 |
||